Budovanie informačného systému v Slovenskej poľnohospodárskej a potravinárskej komore v Bratislave

V rámci informačného systému Ministerstva pôdohospodárstva SR je informačný systém Slovenskej poľnohospodárskej a potravinárskej komory - IS SPPK napojený na MP SR, Štátny fond trhovej regulácie SR a AGRIS, š.p. odštepný závod Bratislava. Technické a softwarové vybavenie IS SPPK.

Salvato in:
Dettagli Bibliografici
Autore principale: Formánek, V.
Natura: Capitolo di libro
Lingua:slovacco
Soggetti:
Tags: Aggiungi Tag
Nessun Tag, puoi essere il primo ad aggiungerne!!

MARC

LEADER 00000naa a2200000 4500
001 r026324
005 20230922110359.5
041 0 |a slo 
044 |a CZ 
245 1 0 |a Budovanie informačného systému v Slovenskej poľnohospodárskej a potravinárskej komore v Bratislave  |c V. Formánek 
520 |a V rámci informačného systému Ministerstva pôdohospodárstva SR je informačný systém Slovenskej poľnohospodárskej a potravinárskej komory - IS SPPK napojený na MP SR, Štátny fond trhovej regulácie SR a AGRIS, š.p. odštepný závod Bratislava. Technické a softwarové vybavenie IS SPPK. 
610 2 0 |a systémy informačné 
610 2 0 |a IS SPPK 
610 2 0 |a SPPK Bratislava 
610 2 0 |a poľnohospodárstvo 
610 2 0 |a MP SR Bratislava 
610 2 0 |a hardvér 
610 2 0 |a softvér 
610 2 0 |a Slovensko 
100 1 |a Formánek, V.